| 000 | 01930cam a2200553 a 4500 | ||
|---|---|---|---|
| 001 | 20599 | ||
| 003 | VRT | ||
| 005 | 20260127110259.0 | ||
| 008 | 240226s2013 xo 000 1 slo | ||
| 015 | _aSNBA2004/08-04441 | ||
| 020 | _a8085487659 | ||
| 035 | _aSNK000434728 | ||
| 035 | _aurn:nbn:sk:snk-amjdpd | ||
| 035 | _aurn:nbn:sk:snk-am003edt | ||
| 035 | _aC9534B96-15A7-4587-8573-F83015813A2B | ||
| 039 | 9 |
_a202402261720 _bVLOAD _c201607281314 _dAUTHORITY _c201606022116 _dAUTHORITY _c201508271306 _dVLOAD |
|
| 040 |
_aSNK _bslo _cSNK _dSVKBB _eAACR2 |
||
| 041 | 1 |
_aslo _hita |
|
| 044 |
_axo _cSK |
||
| 072 | 7 |
_a17 _xEtika. Morálna filozofia _2konspekt |
|
| 080 |
_a821-84 _21981 |
||
| 080 |
_a2-423.79 _21981 |
||
| 080 |
_a177.6 _21981 |
||
| 080 |
_a17.02 _21981 |
||
| 080 |
_a(0:82-84) _21981 |
||
| 080 |
_a(094.9) _21981 |
||
| 130 | 1 | 0 |
_aParole del cuore _lSlovensky |
| 245 | 0 | 0 |
_aSlovom srdca _b365 myšlienok o láske _cvybral a usporiadal Wilhelm Mühs ; [z talianskeho originálu ... preložila Katarína Jančišinová ; verše preložil Michal Chuda] |
| 250 | _a2. vyd. | ||
| 260 |
_aBratislava _bNové mesto _c2000 |
||
| 490 | 1 | _a365 myšlienok | |
| 504 | _aMenný reg. | ||
| 650 | 0 | 7 |
_amyšlienky _2SNK |
| 650 | 0 | 7 |
_acitáty _xláska _2SNK |
| 650 | 0 | 7 |
_aláska _2SNK |
| 650 | 0 | 7 |
_aživotná múdrosť _2SNK |
| 655 | 7 |
_aumelecká literatúra _2SNK |
|
| 655 | 7 |
_acitáty _2SNKPH |
|
| 655 | 7 |
_azborníky _2SNKPH |
|
| 700 | 1 |
_aMühs, Wilhelm, _d1934-2002 _4com |
|
| 700 | 1 |
_aJančišinová, Katarína _4trl |
|
| 700 | 1 |
_aChuda, Michal, _d1947- _4trl |
|
| 830 | 0 | _a365 myšlienok | |
| 942 |
_2ddc _cKLDO _n0 |
||
| 949 |
_617A0432341 _9P60, <03>, [BOOK], {603} _asnkSD 74112 _bsnkD 854/2004 |
||
| 949 |
_617A0434609 _9P60, <04>, [BOOK], {604} _asnkSD 74112 D1 _bsnkD 855/2004 _s6100:20140925 |
||
| 949 |
_6270001000454121 _asvkbbA 141714 _bsvkbbm 745098 |
||
| 999 |
_c20599 _d20599 |
||